Central Library OPAC University of Rajshahi

The feudal monarchy in France and England from the tenth to the thirteenth century / (Record no. 24783)

MARC details
000 -LEADER
fixed length control field 01389nam a2200337 a 4500
001 - CONTROL NUMBER
control field 24783
003 - CONTROL NUMBER IDENTIFIER
rucl marc code BD-RjUL
005 - DATE AND TIME OF LATEST TRANSACTION
control field 20211209001110.0
008 - FIXED-LENGTH DATA ELEMENTS--GENERAL INFORMATION
fixed length control field 140315s1949 enkab 001 0 eng d
035 ## - SYSTEM CONTROL NUMBER
System control number (BD-RjUL)24852
040 ## - CATALOGING SOURCE
Original cataloging agency BD-RjUL
Language of cataloging eng
Transcribing agency BD-RjUL
Modifying agency BD-RjUL
041 1# - LANGUAGE CODE
Language code of text/sound track or separate title eng
Language code of original fre
082 ## - DEWEY DECIMAL CLASSIFICATION NUMBER
Classification number 940.1
Author mark and year PEF 1949
100 1# - MAIN ENTRY--PERSONAL NAME
Personal name Petit-Dutaillis, Charles,
Dates associated with a name 1868-1947.
9 (RLIN) 18916
245 14 - TITLE STATEMENT
Title The feudal monarchy in France and England from the tenth to the thirteenth century /
Statement of responsibility, etc. by Ch. Petit-Dutaillis.
260 ## - PUBLICATION, DISTRIBUTION, ETC. (IMPRINT)
Place of publication, distribution, etc. London :
Name of publisher, distributor, etc. Kegan Paul, Trench, Trubner,
Date of publication, distribution, etc. 1936 [Imprission 1949].
300 ## - PHYSICAL DESCRIPTION
Pagination xx, 421 p. :
Illustrations geneal. tables, maps ;
Size 25 cm.
490 1# - SERIES STATEMENT
Series statement History of civilization (Kegan Paul, Trench, Trubner & Co.)
500 ## - GENERAL NOTE
General note Bibliographical references expanded in list: pp. 381-409 - Includes index.
General note "Translated from the French by E. D. Hunt"--T.p. verso.
650 #0 - SUBJECT ADDED ENTRY--TOPICAL TERM
Topical term or geographic name as entry element Monarchy.
9 (RLIN) 76291
Topical term or geographic name as entry element Feudalism
Geographic subdivision France.
9 (RLIN) 76292
Topical term or geographic name as entry element Feudalism
Geographic subdivision Great Britain.
9 (RLIN) 76036
651 #0 - SUBJECT ADDED ENTRY--GEOGRAPHIC NAME
Geographic name France
General subdivision History
Chronological subdivision Capetians, 987-1328.
9 (RLIN) 76293
Geographic name Great Britain
General subdivision History
Chronological subdivision Medieval period, 1066-1485.
9 (RLIN) 12704
700 1# - ADDED ENTRY--PERSONAL NAME
Personal name Hunt, Eric Digby,
Relator term translator.
830 #0 - SERIES ADDED ENTRY--UNIFORM TITLE
Uniform title History of civilization (Kegan Paul, Trench, Trubner & Co.)
942 ## - ADDED ENTRY ELEMENTS (KOHA)
Source of classification or shelving scheme Dewey Decimal Classification
Koha item type Books
Holdings
Lost status Source of classification or shelving scheme Damaged status Not for loan Collection code Permanent Location Current Location Shelving location Date acquired Source of acquisition Cost, normal purchase price Total Checkouts Full call number Date last seen Copy number Koha item type
  Dewey Decimal Classification   Added to bundle Non-fiction Central Library, University of Rajshahi Central Library, University of Rajshahi Reading Room 27/11/1957 Park. American Communicate 21.00   940.1 PEF 1949 15/03/2014 C-1 Books
  Dewey Decimal Classification     Non-fiction Central Library, University of Rajshahi Central Library, University of Rajshahi   06/12/1957 Park. American Communicate 22.00   940.1 PEF 1949 15/03/2014 C-2 Books